000 01108naa a22003017a 4500
001 BR7000668
003 BR-BrBNA
005 20240918173410.0
007 ta
008 230509b bl.||||| |||| 00| 0 por d
040 _aBR-BrBNA
_bpor
_cBiblioteca Nacional de Agricultura
041 _a(Pt)
072 _aL73
_b5212
_b4150
090 _aL73 BR7000668
100 1 _aAnon.
111 1 _a12. Congresso Brasileiro de Medicina Veterinaria
_cPorto Alegre, RS (Brazil)
_d23 Aug 1970
245 1 _aEfeito da vacinacao contra a febre aftosa em bovinos convalescentes da virose [controle quimico]
260 3 _aPorto Alegre, RS (Brasil):
_c1970.
500 _aAnais do 12. Congresso Brasileiro de Medicina Veterinaria Porto Alegre, RS (Brasil): 1970. p. 209-219 (BR7000668-AM)L73
650 _aBOVINO
650 _aAFTOSA
650 _aVIROSE ANIMAL
650 _aCONTROLE QUIMICO
650 _aVACINA
773 0 _tAnais do 12. Congresso Brasileiro de Medicina Veterinaria
_wL73 BR7000668
_gPorto Alegre, RS (Brasil), 1970. p. 209-219
909 _a202404
_bLucia
_c55
_dLucia Elande
942 _cAM
_2AGRIS
999 _c304394
_d304394